000 00503nam a2200181Ia 4500
001 13408
005 20260306164759.0
008 260306t2018||||xx |||||||||||||| ||spa||
041 _aESP
082 _a004
_bC28
100 _aCarton, Steven
_eAUT
245 0 _aHelp your kids with computer science:
_ba unique visual step-by-step guide to computers, coding, and communication
260 _c2018
300 _a256 páginas :
_c23 cm.
650 _aGEN
654 _aCCC
942 _cLIB
_dJUS
_fJUS
_2ddc
_n
999 _c13408
_d13408